Qualitative computing : using software for qualitative data analysis /

Bibliographic Details
Main Author: Fisher, Mike
Format: Book
Language:English
Published: Aldershot, Hants, England ; Brookfield, Vt., USA : Ashgate, [1997]
Series:Cardiff papers in qualitative research.
Subjects:

MARC

Tag First Indicator Second Indicator Subfields
LEADER 00000cam a2200000 a 4500
001 in00001403690
005 20151020053130.0
008 970917s1997 enka b 000 0 eng d
010 |a  96080383  
020 |a 1859725619 
035 |a (OCoLC)37635304 
035 |9 AHM7144AM 
040 |a AZS  |c AZS  |d TXA  |d UtOrBLW 
049 |a TXAM 
090 |a H61.3  |b .F57 1997 
100 1 |a Fisher, Mike. 
245 1 0 |a Qualitative computing :  |b using software for qualitative data analysis /  |c Mike Fisher. 
264 1 |a Aldershot, Hants, England ;  |a Brookfield, Vt., USA :  |b Ashgate,  |c [1997] 
264 4 |c ©1997 
300 |a vii, 138 pages :  |b illustrations ;  |c 23 cm. 
336 |a text  |b txt  |2 rdacontent 
337 |a unmediated  |b n  |2 rdamedia 
338 |a volume  |b nc  |2 rdacarrier 
490 1 |a Cardiff papers in qualitative research 
504 |a Includes bibliographical references (pages 133-138). 
650 0 |a Social sciences  |x Research  |x Data processing. 
650 0 |a Social sciences  |x Data processing. 
650 0 |a Social sciences  |x Computer programs. 
830 0 |a Cardiff papers in qualitative research. 
999 |a MARS 
999 f f |s 91e353ee-b09b-3942-9986-e5a001063b56  |i 7fe341b4-1b4f-3f2f-aa20-d611b4d56ca3  |t 0 
952 f f |p ric  |a Texas A&M University  |b Rellis Campus  |c Joint Library Facility  |d Remote Storage  |t 0  |e H61.3 .F57 1997  |h Library of Congress classification  |i unmediated -- volume  |m A14822013034 
998 f f |a H61.3 .F57 1997  |t 0  |l Remote Storage